| 000 | 01358nam a22003737a 4500 | ||
|---|---|---|---|
| 003 | CHAP | ||
| 005 | 20220329140747.0 | ||
| 008 | 971013s1981 r 10010 d | ||
| 010 | _a57200 | ||
| 011 | _a58172 | ||
| 035 | _a62327 | ||
| 040 | _cCHAP | ||
| 082 |
_a574.82 _bS9 |
||
| 111 | 0 | 0 |
_aSymposium on Plant Tissue Culture ( _d1978 _c: Peking) _9111055 |
| 245 | _aProceedings | ||
| 260 |
_aBoston : _bPitman, _c1981 |
||
| 300 |
_a531 p. _b: ilus. ; gráfs. |
||
| 490 | _aThe Pitman International Series in Applied biology | ||
| 590 |
_aBATCH-UPD _b10 _c20130110 _lUCH01 _h1050 |
||
| 590 |
_aBATCH-UPD _b10 _c20130410 _lUCH01 _h0647 |
||
| 590 |
_aBATCH-UPD _b10 _c20130914 _lUCH01 _h0820 |
||
| 590 |
_aCONVERSION _b10 _c20130109 _lUCH01 _h1331 |
||
| 650 | 1 | 4 |
_aCallos (Botánica) _917560 |
| 650 | 1 | 4 |
_aCitología e histología vegetales. _923495 |
| 650 | 1 | 4 |
_aCultivo de tejidos. _930213 |
| 650 | 1 | 4 |
_aHibridación vegetal. _955145 |
| 650 | 1 | 4 |
_aPropagación de plantas. _992417 |
| 830 | 0 |
_aThe Pitman International Series in Applied biology _9112698 |
|
| 901 | _aBK | ||
| 942 | _cLIBRO | ||
| 949 |
_a574.82 S9 _bBC _cLIBRO _d33724000508412 _eLIBRO _fc.3 _gI.147574 _h76614 _i62327 _si |
||
| 949 |
_a574.82 S9 _bBC _cLIBRO _d33724000508420 _eLIBRO _fc.2 _h69320 _i62327 _si |
||
| 949 |
_a574.82 S9 _bBC _cLIBRO _d33724000508545 _eLIBRO _gI.124709 _h64244 _i62327 _mDirecto _si |
||
| 999 |
_c57200 _d57200 |
||